| 000 | 00608nam a2200205 a 4500 | ||
|---|---|---|---|
| 001 | 000045683 | ||
| 003 | DO-SdBNP | ||
| 005 | 20230414153959.0 | ||
| 007 | ta | ||
| 008 | 150427s1993 dr a 000 0 spa d | ||
| 040 |
_aDO-SdBNP _bspa _cBNPHU |
||
| 082 | 4 | _222 | |
| 110 | 1 |
_aRepública Dominicana. _bSecretaría de Estado de Trabajo _9491 |
|
| 245 | 0 | 0 |
_aUn derecho nuevo : _bel fuero sindical. |
| 246 | 1 | 4 | _aQuien a buen árbol se arrima. |
| 260 |
_aSanto Domingo : _bSecretaría de Estado de Trabajo, _c1993. |
||
| 300 |
_a12 p. : _bil. ; _c20 cm. |
||
| 590 | _aInventariado, 2023/BT | ||
| 942 |
_2ddc _cLBS1 |
||
| 999 |
_c45172 _d45172 |
||